Optimalizácia energetickej bilancie použivateľa na základe jeho životného štýlu
Enregistré dans:
| Auteur principal: | |
|---|---|
| Autres auteurs: | |
| Format: | Manuscrit Livre |
| Langue: | slovaque |
| Publié: |
2016
|
| Sujets: | |
| Accès en ligne: | http://is.stuba.sk/zp/portal_zp.pl?podrobnosti=107169 |
| Tags: |
Pas de tags, Soyez le premier à ajouter un tag!
|
MARC
| LEADER | 00000ntm a22000003a 4500 | ||
|---|---|---|---|
| 001 | stuzp55615 | ||
| 003 | SK-STU | ||
| 005 | 20160831105030.6 | ||
| 007 | ta | ||
| 008 | 150427s2015----xo-----f-mn---000-0-slo-d | ||
| 040 | |a STU |b slo | ||
| 041 | 0 | |a slo | |
| 044 | |a xo | ||
| 100 | 1 | |a Kanás, Ján |u 035000 |4 aut |U FEI Fakulta elektrotechniky a informatiky |T FEI Ústav informatiky a matematiky |X 72840 |U E050 |Y 816 |7 72840 | |
| 242 | 0 | 1 | |a Optimization of energy balance based upon user lifestyle |y eng |
| 245 | 1 | 0 | |a Optimalizácia energetickej bilancie použivateľa na základe jeho životného štýlu |
| 260 | |c 2016 | ||
| 300 | |a 37 s., príl., |b CD-ROM | ||
| 650 | 4 | |a optimization |2 eng | |
| 650 | 4 | |a voice control |2 eng | |
| 650 | 4 | |a health |2 eng | |
| 650 | 4 | |a Android |2 eng | |
| 650 | 4 | |a app |2 eng | |
| 650 | 4 | |a hlasové ovládanie |2 slo | |
| 650 | 4 | |a zdravie |2 slo | |
| 650 | 4 | |a optimalizácia |2 slo | |
| 650 | 4 | |a Android |2 slo | |
| 650 | 4 | |a aplikácia |2 slo | |
| 700 | 1 | |a Lehocki, Fedor |u 031000 |k Z1 |4 ths |U FEI Fakulta elektrotechniky a informatiky |T FEI Ústav robotiky a kybernetiky |X 1888 |U E011 |Y 356 |7 000001888 | |
| 856 | 4 | |u http://is.stuba.sk/zp/portal_zp.pl?podrobnosti=107169 | |
| 996 | |b 284ER02248 |c E*Bc- 2248 |l EE35 |s P |a 0 |w stuzp55615_0001 | ||
| SQL | |a stuzp55615 |b DBP |c SLO |d Optimalizácia eneregtickej bilancie použivateľa na základe jeho životného štýlu |e 72840 |f Kanás, Ján |g 035000 |h 1888 |i Lehocki, Fedor |j 20160707 |k 73 |l 03 |m http://is.stuba.sk/zp/portal_zp.pl?podrobnosti=107169 |n B-API |o 9.2.9. aplikovaná informatika | ||